Complete A-Z law handbook. (3rd ed.) (Record no. 79595)

MARC details
000 -LEADER
fixed length control field 00863nam a2200217 a 4500
008 - FIXED-LENGTH DATA ELEMENTS--GENERAL INFORMATION
fixed length control field 081118s2003 ||||||||||||||||| || u
020 ## - INTERNATIONAL STANDARD BOOK NUMBER
International Standard Book Number 9780340872680
050 ## - LIBRARY OF CONGRESS CALL NUMBER
Classification number K 14.2 Mar
100 ## - MAIN ENTRY--PERSONAL NAME
Personal name Martin, Jacqueline
245 10 - TITLE STATEMENT
Title Complete A-Z law handbook. (3rd ed.)
Statement of responsibility, etc. Jacqueline Martin and Mary Gibbins
250 ## - EDITION STATEMENT
Edition statement 3rd ed.
260 ## - PUBLICATION, DISTRIBUTION, ETC.
Place of publication, distribution, etc. London:
Name of publisher, distributor, etc. Hodder and Stoughton
Date of publication, distribution, etc. 2003
300 ## - PHYSICAL DESCRIPTION
Extent iv, 299p.: ill.
350 ## -
-- 0.00
650 ## - SUBJECT ADDED ENTRY--TOPICAL TERM
Topical term or geographic name entry element BUSINESS LAW--STUDY AND TEACHING
650 ## - SUBJECT ADDED ENTRY--TOPICAL TERM
Topical term or geographic name entry element LAW
650 ## - SUBJECT ADDED ENTRY--TOPICAL TERM
Topical term or geographic name entry element LAW--HANDBOOKS, MANUALS, ETC
700 ## - ADDED ENTRY--PERSONAL NAME
Personal name Gibbins, Mary
995 ## -
-- REFERENCE BOOKS
-- 0.00
-- 739255
-- CBU-MAIN LIBRARY (Kitwe)
-- 1
-- 0.00
-- K 14.2 MAR
-- 1
-- REFERENCE
-- Feb 6, 2009
-- 739255
-- Reference Collection
995 ## -
-- REFERENCE BOOKS
-- 0.00
-- 739699
-- CBU-MAIN LIBRARY (Kitwe)
-- 1
-- 0.00
-- K 14.2 MAR
-- 2
-- REFERENCE
-- Mar 26, 2009
-- 739699
-- Reference Collection
999 ## -
-- 79595
-- 79595
Holdings
Withdrawn status Lost status Source of classification or shelving scheme Damaged status Not for loan Permanent Location Current Location Shelving location Date acquired Total Checkouts Full call number Barcode Date last seen Copy number Price effective from Koha item type
          CBU-MAIN LIBRARY, KITWE. CBU-MAIN LIBRARY, KITWE.   06/29/2023   K 14.2 Mar 739255 06/29/2023 1 06/29/2023 REFERENCE COLLECTION
          CBU-MAIN LIBRARY, KITWE. CBU-MAIN LIBRARY, KITWE.   06/29/2023   K 14.2 Mar 739699 06/29/2023 2 06/29/2023 REFERENCE COLLECTION